[Event "Chess2Inspire jun ch"]
[Site "Richmond"]
[Date "2018.01.26"]
[Round "1.2"]
[White "Xu, Andrew"]
[Black "Del Rayo Haro, Alfredo Alexei"]
[Result "1/2-1/2"]
[WhiteElo "1453"]
[BlackElo "1802"]
[EventType "swiss"]
[EventRounds "5"]
[EventCountry "CAN"]

1. e4 c5 2. Nf3 d6 3. Bb5+ Bd7 4. Bxd7+ Nxd7 5. O-O Ngf6 6. Qe2 g6 7. c3 Bg7
8. Rd1 O-O 9. d4 Qc7 10. Nbd2 Rad8 11. Nf1 Rfe8 12. Ng3 cxd4 13. cxd4 Rc8 14.
Bf4 Qc2 15. e5 Qxe2 16. Nxe2 Nd5 17. Bg3 Rc2 18. Nf4 Nxf4 19. Bxf4 Rxb2 20.
Rdc1 Nb6 21. h3 dxe5 22. dxe5 Rc8 23. Rxc8+ Nxc8 24. Rc1 Nb6 25. Rc7 h6 26.
Rxb7 Rxa2 27. Rb8+ Kh7 28. Rb7 Nd5 29. Bg3 f5 30. Kf1 a5 31. Rd7 Ra1+ 32. Ke2
e6 33. Nd4 Ra2+ 34. Ke1 Ra1+ 35. Ke2 Nc3+ 36. Kd2 Ne4+ 37. Kc2 Nxg3 38. fxg3
Kg8 39. Nxe6 Bxe5 40. Nf4 Bxf4 41. gxf4 Ra2+ 42. Kb3 Rxg2 43. Ra7 Rg3+ 44. Kc4
Rxh3 45. Kd5 g5 46. Ke5 g4 47. Rxa5 g3 48. Ra2 Rh2 49. Ra3 Rh3 50. Ra2 h5 51.
Kxf5 h4 52. Kg6 Kf8 53. Kf6 Ke8 54. Ke6 Kd8 55. Kd6 {#d} 1/2-1/2

[Event "Chess2Inspire jun ch"]
[Site "Richmond"]
[Date "2018.01.26"]
[Round "1.3"]
[White "Bremner, William"]
[Black "Song, Ethan"]
[Result "1-0"]
[WhiteElo "1733"]
[BlackElo "1409"]
[EventType "swiss"]
[EventRounds "5"]
[EventCountry "CAN"]

1. d4 d5 2. c4 c6 3. Nf3 Nf6 4. Qc2 e6 5. g3 Na6 6. Bg2 Be7 7. O-O O-O 8. Nbd2
Re8 9. e4 Nb4 10. Qb1 dxe4 11. Nxe4 Nxe4 12. Qxe4 c5 13. dxc5 f5 14. Qe2 Bxc5
15. a3 Nc6 16. b4 Bb6 17. Bg5 Qd7 18. c5 Bc7 19. Rfd1 Qf7 20. b5 Ne7 21. Ne5
Bxe5 22. Qxe5 Ng6 23. Qe2 h6 24. Bc1 Rb8 25. Bb2 a6 26. Be5 Nxe5 27. Qxe5 Ra8
28. c6 axb5 29. Qxb5 Ra7 30. Qb6 bxc6 31. Bxc6 Rf8 32. Rd8 Rxd8 33. Qxd8+ Qf8
34. Qxf8+ Kxf8 35. f4 Ke7 36. a4 Kd8 37. Bb5 Bd7 38. Rd1 Ke7 39. Rxd7+ Rxd7
40. Bxd7 Kxd7 41. Kf2 Kc6 42. Ke3 Kc5 43. Kd3 g5 44. fxg5 hxg5 45. h4 gxh4 46.
gxh4 f4 47. Ke4 e5 48. h5 Kc4 49. h6 Kc3 50. h7 Kd2 51. h8=Q Ke2 52. Qh2+ Kd1
53. Kd3 e4+ 54. Kxe4 f3 55. Kd3 Ke1 56. Qg1# 1-0

[Event "Chess2Inspire jun ch"]
[Site "Richmond"]
[Date "2018.01.26"]
[Round "1.4"]
[White "Madokoro, Aidan"]
[Black "Leong, Ryan"]
[Result "0-1"]
[WhiteElo "1374"]
[BlackElo "1554"]
[EventType "swiss"]
[EventRounds "5"]
[EventCountry "CAN"]

1. c4 Nf6 2. Nc3 g6 3. g3 Bg7 4. Bg2 O-O 5. e4 d6 6. Nge2 c5 7. O-O Nc6 8. a3
e5 9. Rb1 Be6 10. d3 Qd7 11. f4 Bh3 12. f5 Bxg2 13. Kxg2 Rad8 14. Bd2 Nd4 15.
Nxd4 exd4 16. Nd5 Nxd5 17. cxd5 Be5 18. Bg5 f6 19. Bd2 g5 20. b3 Rf7 21. Qh5
Rg7 22. Qg4 Qb5 23. Rf3 Qe8 24. Rff1 h5 25. Qe2 Rdd7 26. Rg1 Rh7 27. h3 Rdg7
28. Kf2 b5 29. Rbc1 h4 30. g4 Rc7 31. Rc2 Bg3+ 32. Kg2 c4 33. bxc4 bxc4 34.
Rxc4 Rxc4 35. dxc4 Re7 36. Kf3 Qa4 37. Qd3 Rb7 38. Bb4 a5 39. Qxd4 axb4 40.
Qxf6 Qxa3+ 41. Ke2 Qa2+ 42. Kd3 Qb3+ 43. Ke2 Qc2+ 44. Ke3 Bf4+ 45. Kd4 Qc3#
0-1

[Event "Chess2Inspire jun ch"]
[Site "Richmond"]
[Date "2018.01.26"]
[Round "1.5"]
[White "Wang, Jerry"]
[Black "Zhang, Andy"]
[Result "1-0"]
[WhiteElo "1546"]
[BlackElo "1328"]
[EventType "swiss"]
[EventRounds "5"]
[EventCountry "CAN"]

1. e4 c5 2. Nf3 d6 3. d4 cxd4 4. Nxd4 Nf6 5. Nc3 a6 6. Be2 e6 7. Be3 Be7 8.
Qd2 b5 9. a3 Bb7 10. f3 Nc6 11. O-O O-O 12. Rad1 Rc8 13. Nxc6 Bxc6 14. Rfe1 d5
15. exd5 Nxd5 16. Nxd5 Bxd5 17. Bd4 Qc7 18. Bd3 Rfd8 19. Qf2 Bd6 20. Qh4 h6
21. Kh1 Be7 22. Qg4 Bf8 23. Bf6 Rd7 24. Re5 Kh8 25. Rg5 Be4 26. Rxg7 {#r} 1-0

[Event "Chess2Inspire jun ch"]
[Site "Richmond"]
[Date "2018.01.27"]
[Round "2.2"]
[White "Wang, Jerry"]
[Black "Bremner, William"]
[Result "0-1"]
[WhiteElo "1546"]
[BlackElo "1733"]
[EventType "swiss"]
[EventRounds "5"]
[EventCountry "CAN"]

1. e4 c6 2. d4 d5 3. exd5 cxd5 4. Bd3 Nc6 5. c3 Qc7 6. h3 e6 7. Nf3 Nf6 8. O-O
Be7 9. Be3 O-O 10. Nbd2 a6 11. a4 Rb8 12. Qe2 Bd7 13. Bg5 Rbc8 14. Ne5 Be8 15.
Nxc6 bxc6 16. Bxa6 Rd8 17. b4 Ra8 18. Bd3 h6 19. Bh4 Ne4 20. Nxe4 Bxh4 21. Nc5
Be7 22. Nb3 Bd6 23. Rfe1 Bd7 24. Nd2 Rfe8 25. Nf3 f6 26. Bg6 Re7 27. Qc2 e5
28. dxe5 fxe5 29. Bf5 e4 30. Nd4 Be5 31. Bxd7 Qxd7 32. Qb3 Rf8 33. a5 Bc7 34.
Qa4 e3 35. Rxe3 Rxe3 36. fxe3 Qd6 37. Nf3 Rxf3 38. gxf3 Qg3+ 39. Kf1 Qxf3+ 40.
Ke1 Qxe3+ 41. Kd1 Qd3+ 42. Kc1 Qxc3+ 43. Kb1 Be5 44. Qa3 Qe1+ 45. Kc2 Bxa1 46.
a6 Bd4 47. a7 Qf2+ {#R} 0-1

[Event "Chess2Inspire jun ch"]
[Site "Richmond"]
[Date "2018.01.27"]
[Round "2.3"]
[White "Del Rayo Haro, Alfredo Alexei"]
[Black "Yang, Brian"]
[Result "0-1"]
[WhiteElo "1802"]
[BlackElo "1496"]
[EventType "swiss"]
[EventRounds "5"]
[EventCountry "CAN"]

1. e4 c5 2. Nf3 e6 3. Nc3 a6 4. d4 cxd4 5. Nxd4 Qc7 6. Bd3 Nf6 7. Qe2 d6 8. f4
Nbd7 9. Nf3 Nc5 10. Bc4 b5 11. e5 bxc4 12. exf6 Bb7 13. fxg7 Bxg7 14. Qxc4 d5
15. Qe2 d4 16. b4 d3 17. Qd2 Ne4 18. Nxe4 Bxe4 19. Ne5 Bxe5 20. fxe5 Qxe5 21.
Bb2 Qxb2 22. O-O Qxc2 23. Qf4 Qxg2# 0-1

[Event "Chess2Inspire jun ch"]
[Site "Richmond"]
[Date "2018.01.27"]
[Round "2.4"]
[White "Song, Ethan"]
[Black "Xu, Andrew"]
[Result "0-1"]
[WhiteElo "1409"]
[BlackElo "1453"]
[EventType "swiss"]
[EventRounds "5"]
[EventCountry "CAN"]

1. c4 c5 2. Nc3 Nc6 3. g3 g6 4. Bg2 Bg7 5. e3 e6 6. Nge2 Nge7 7. O-O O-O 8. d4
cxd4 9. exd4 d5 10. cxd5 Nxd5 11. Nxd5 exd5 12. Be3 Be6 13. Nf4 Rc8 14. Rc1
Qd6 15. Rc5 Ne7 16. Rxc8 Rxc8 17. Nxe6 Qxe6 18. Re1 Qb6 19. Bg5 Nf5 20. Bxd5
Bxd4 21. Qf3 Qxb2 22. g4 Rc2 23. Bh4 Rc1 24. gxf5 Rxe1+ 25. Kg2 Qb1 26. Bxf7+
Kf8 27. fxg6 Qe4 28. Qxe4 Rxe4 29. Bg3 Kg7 30. Bd5 Re2 31. Kf1 Rb2 32. gxh7
Kxh7 33. Be4+ Kg7 34. Bd5 a5 35. Ke1 b5 36. Kd1 b4 37. Bc4 a4 38. Kc1 b3 39.
axb3 a3 40. b4 Rxb4 41. Ba2 Rb2 42. Bb1 Bc3 43. f3 Bd2+ 44. Kd1 Rxb1+ 45. Kxd2
a2 46. Be5+ Kg6 47. Ke2 Rh1 48. Kf2 Rxh2+ 49. Ke3 Rh1 50. f4 Kf5 51. Kf2 a1=Q
52. Bxa1 Rxa1 53. Kf3 Ra4 54. Ke3 Rxf4 55. Kd3 Ke5 56. Kc3 Kd5 57. Kb3 Kc5 58.
Kc3 Rf3+ 59. Kd2 Kc4 60. Ke2 Rb3 61. Kd2 Ra3 62. Ke2 Kd4 63. Kf2 Ke4 64. Kg2
Kf4 65. Kf2 Ra2+ 66. Ke1 Kf3 67. Kd1 Ke3 68. Kc1 Kd3 69. Kb1 Rh2 70. Kc1 Rg2
71. Kb1 Kc3 72. Ka1 Kb3 73. Kb1 Rg1# 0-1

[Event "Chess2Inspire jun ch"]
[Site "Richmond"]
[Date "2018.01.27"]
[Round "2.5"]
[White "Zhang, Andy"]
[Black "Madokoro, Aidan"]
[Result "1/2-1/2"]
[WhiteElo "1328"]
[BlackElo "1374"]
[EventType "swiss"]
[EventRounds "5"]
[EventCountry "CAN"]

1. e4 e6 2. d4 d5 3. Nd2 Nf6 4. e5 Nfd7 5. Ngf3 c5 6. c3 Nc6 7. Be2 Be7 8. Nf1
O-O 9. Ng3 f6 10. exf6 Nxf6 11. O-O Bd6 12. Re1 Re8 13. Bd3 Qb6 14. Rb1 Bd7
15. Bg5 Be7 16. Ne5 Qc7 17. Bc2 cxd4 18. cxd4 Bb4 19. Re2 Nxe5 20. dxe5 Ng4
21. Qd3 g6 22. Nh5 Be7 23. Nf6+ Bxf6 24. Bxf6 Nxf6 25. exf6 Rf8 26. h4 Rxf6
27. Rbe1 Qc5 28. Qg3 Raf8 29. h5 Kg7 30. hxg6 hxg6 31. Qe5 Bb5 32. Rd2 Kf7 33.
Re3 Qb4 34. Qc7+ Kg8 35. Rh3 R6f7 36. Qe5 Rf6 37. Qe3 Qf4 38. Qxf4 Rxf4 39.
Bxg6 {#d} 1/2-1/2

[Event "Chess2Inspire jun ch"]
[Site "Richmond"]
[Date "2018.01.27"]
[Round "3.1"]
[White "James, Rowan"]
[Black "Bremner, William"]
[Result "1/2-1/2"]
[WhiteElo "1853"]
[BlackElo "1733"]
[EventType "swiss"]
[EventRounds "5"]
[EventCountry "CAN"]

1. e4 c6 2. d4 d5 3. Nc3 dxe4 4. Nxe4 Bf5 5. Ng3 Bg6 6. h4 h6 7. Nf3 Nd7 8. h5
Bh7 9. Bd3 Bxd3 10. Qxd3 e6 11. Bd2 Ngf6 12. Ne4 Be7 13. O-O-O Nxe4 14. Qxe4
Nf6 15. Qe2 Qd5 16. c4 Qe4 17. Rde1 Qxe2 18. Rxe2 Rd8 19. Bc3 O-O 20. Nd2 Rfe8
21. Ne4 Nxe4 {#d} 1/2-1/2

[Event "Chess2Inspire jun ch"]
[Site "Richmond"]
[Date "2018.01.27"]
[Round "3.2"]
[White "Xu, Andrew"]
[Black "Leong, Ryan"]
[Result "0-1"]
[WhiteElo "1453"]
[BlackElo "1554"]
[EventType "swiss"]
[EventRounds "5"]
[EventCountry "CAN"]

1. e4 c5 2. Nf3 d6 3. Bb5+ Bd7 4. Bxd7+ Qxd7 5. c4 Nc6 6. Nc3 g6 7. O-O Bg7 8.
Re1 e6 9. h3 Nge7 10. d3 O-O 11. Be3 Nd4 12. Rc1 Nec6 13. a3 f5 14. Bxd4 Nxd4
15. Nxd4 Bxd4 16. exf5 Rxf5 17. Re2 Raf8 18. Rcc2 d5 19. Qe1 a6 20. b4 b5 21.
cxb5 axb5 22. Na2 c4 23. dxc4 bxc4 24. Nc3 e5 25. b5 Bc5 26. Nd1 e4 27. Qa5
Qd6 28. a4 e3 29. Nxe3 Bxe3 30. Rxe3 d4 31. Re1 d3 32. Rd2 Qd4 33. Re3 Rxf2
34. Rxf2 Qxe3 35. Qd2 Qxd2 36. Rxd2 Rd8 37. Kf2 c3 38. Ke3 c2 39. b6 c1=Q 40.
b7 Qe1+ 41. Kf3 Qxd2 42. Kg3 g5 43. a5 Qf4# 0-1

[Event "Chess2Inspire jun ch"]
[Site "Richmond"]
[Date "2018.01.27"]
[Round "3.3"]
[White "Yang, Brian"]
[Black "Wang, Jerry"]
[Result "1/2-1/2"]
[WhiteElo "1496"]
[BlackElo "1546"]
[EventType "swiss"]
[EventRounds "5"]
[EventCountry "CAN"]

1. e4 e5 2. Nf3 Nc6 3. Bc4 Nf6 4. d3 Bc5 5. O-O O-O 6. Nbd2 d5 7. exd5 Nxd5 8.
Re1 Re8 9. Ne4 Bb6 10. c3 h6 11. a4 a5 12. h3 Nf6 13. Nxf6+ Qxf6 14. d4 e4 15.
Nh2 Bf5 16. Be3 Rad8 17. Nf1 Qg6 18. Kh1 Ne5 19. Be2 Be6 20. Qc2 Nc4 21. Bxc4
Bxc4 22. Ng3 Bd3 23. Qb3 Qe6 24. Qxe6 Rxe6 25. Rac1 c6 26. Red1 Bc7 27. Nh5
Be2 28. Nf4 Bxf4 29. Bxf4 Bxd1 30. Rxd1 Re7 31. Re1 f5 32. g4 fxg4 33. hxg4
Re6 34. Be5 Rf8 35. Kg2 Rg6 36. Rxe4 h5 37. f3 hxg4 38. fxg4 Re6 39. Re2 Rf7
40. b4 axb4 41. cxb4 Kf8 42. Bxg7+ Rxg7 43. Rxe6 Rxg4+ 44. Kf3 Rxd4 45. b5
Rxa4 46. bxc6 {#d} 1/2-1/2

[Event "Chess2Inspire jun ch"]
[Site "Richmond"]
[Date "2018.01.27"]
[Round "3.4"]
[White "Madokoro, Aidan"]
[Black "Del Rayo Haro, Alfredo Alexei"]
[Result "1-0"]
[WhiteElo "1374"]
[BlackElo "1802"]
[EventType "swiss"]
[EventRounds "5"]
[EventCountry "CAN"]

1. c4 c5 2. Nc3 Nf6 3. g3 d6 4. Bg2 g6 5. e4 Bg7 6. Nge2 Bg4 7. f3 Be6 8. d3
Nc6 9. Be3 Qd7 10. Nf4 O-O 11. O-O Qc8 12. Rb1 Bd7 13. a3 e5 14. Nfd5 Nd4 15.
Ne7+ Kh8 16. Nxc8 Rfxc8 17. Ne2 b5 18. Bxd4 exd4 19. b3 Rab8 20. Nf4 Rb7 21.
Bh3 Bxh3 22. Nxh3 Rcb8 23. Qc2 Nd7 24. f4 b4 25. a4 a5 26. f5 Ne5 27. fxg6 Ng4
28. Rxf7 Rxf7 29. gxf7 Rf8 30. Qe2 Ne3 31. Qf3 h6 32. Nf2 Be5 33. Ng4 Nxg4 34.
Qxg4 Rxf7 35. Rf1 Rg7 36. Qc8+ Rg8 37. Rf8 Rxf8 38. Qxf8+ Kh7 39. Qa8 Kg6 40.
Qxa5 Kg5 41. Qb6 Kg4 42. Kg2 h5 43. a5 h4 44. gxh4 Kxh4 45. Qd8+ Kh5 46. a6
Kg4 47. Qf8 Kg5 48. a7 Kg6 49. a8=Q Kg5 50. Qf7 Kh4 51. Qh7+ Kg5 52. Qag8+ Kf6
53. Qhf7# 1-0

[Event "Chess2Inspire jun ch"]
[Site "Richmond"]
[Date "2018.01.27"]
[Round "3.5"]
[White "Song, Ethan"]
[Black "Zhang, Andy"]
[Result "1-0"]
[WhiteElo "1409"]
[BlackElo "1328"]
[EventType "swiss"]
[EventRounds "5"]
[EventCountry "CAN"]

1. c4 Nf6 2. Nc3 g6 3. d4 Bg7 4. e4 d6 5. Be3 O-O 6. Be2 e5 7. d5 Nfd7 8. f3
f5 9. Qc2 Nf6 10. O-O-O Nbd7 11. Nh3 Nc5 12. Bxc5 dxc5 13. Rd3 Bd7 14. Rhd1 a6
15. d6 b5 16. dxc7 Qxc7 17. Nd5 Nxd5 18. Rxd5 Be6 19. Rd6 Rfe8 20. Ng5 Bh6 21.
h4 b4 22. Kb1 Bxg5 23. hxg5 Rad8 24. Qd2 Ra8 25. exf5 Bxf5+ 26. Ka1 a5 27.
Qd5+ Kh8 28. Rc6 Qe7 29. g4 Bc2 30. Rd2 Ba4 31. Rd6 Qxg5 32. b3 Bxb3 33. axb3
a4 34. Qf7 axb3+ 35. Kb1 Rf8 36. Qc7 e4 37. Rd7 Qf6 38. Rxh7+ Kg8 39. Rb2 Qc3
40. Rh1 Rf7 41. Qc6 Raf8 42. Qxg6+ Rg7 43. Qe6+ Rgf7 44. Qxe4 Rd7 45. Qe6+
Rff7 46. Qe8+ Kg7 47. Qh8+ Kg6 48. Qh6# 1-0

[Event "Chess2Inspire jun ch"]
[Site "Richmond"]
[Date "2018.01.28"]
[Round "4.1"]
[White "Bremner, William"]
[Black "Leong, Ryan"]
[Result "1-0"]
[WhiteElo "1733"]
[BlackElo "1554"]
[EventType "swiss"]
[EventRounds "5"]
[EventCountry "CAN"]

1. d4 Nf6 2. c4 g6 3. Nc3 Bg7 4. e4 d6 5. f3 O-O 6. Nge2 c5 7. d5 a6 8. Ng3 h5
9. Bg5 Nbd7 10. Qd2 Rb8 11. Be2 Qa5 12. a4 Qb4 13. Nf1 Re8 14. Ne3 Nh7 15. Bf4
h4 16. h3 Ne5 17. O-O g5 18. Bh2 Nf8 19. Rab1 Nfg6 20. Nc2 Qb3 21. Na1 Qb6 22.
Qxg5 Bf6 23. Qd2 Qb4 24. Nc2 Nxc4 25. Qc1 Qb3 26. Na1 Bd4+ 27. Kh1 Qb4 28. Na2
Qd2 29. Bxc4 Qxc1 30. Rfxc1 b5 31. axb5 axb5 32. Bf1 b4 33. Nb3 Bg7 34. Rd1
Ra8 35. Nac1 Bd7 36. Nd2 f5 37. Nc4 fxe4 38. fxe4 Rab8 39. Bd3 Bb5 40. b3 Bxc4
41. Bxc4 Rf8 42. Nd3 Bd4 43. Bg1 Bc3 44. Be3 Kg7 45. Bc1 Rf7 46. Bb2 Bxb2 47.
Rxb2 Rbf8 48. Rbb1 Kh6 49. Kg1 Rg7 50. Rf1 Rfg8 51. Rb2 Kg5 52. Rf5+ Kh6 53.
Nf4 Nxf4 54. Rxf4 Kg5 55. Rg4+ Kf6 56. Rxh4 Ke5 57. Rd2 Ra8 58. Kh2 Rag8 59.
Rh6 Kf4 60. Re6 Ke3 61. Re2+ Kf4 62. e5 dxe5 63. R6xe5 Rxg2+ 64. Rxg2 Rxg2+
65. Kxg2 Kxe5 66. Kg3 Kf5 67. h4 Kf6 68. Kg4 Kg6 69. h5+ Kf6 70. Kf4 Kg7 71.
Kg5 Kh8 72. Kf5 Kg7 73. Ke6 Kf8 74. h6 Kg8 75. Kxe7 Kh7 76. d6 Kh8 77. d7 Kh7
78. d8=Q Kg6 79. Qd6+ Kh7 80. Bd3+ {#r} 1-0

[Event "Chess2Inspire jun ch"]
[Site "Richmond"]
[Date "2018.01.28"]
[Round "4.2"]
[White "Wang, Jerry"]
[Black "James, Rowan"]
[Result "0-1"]
[WhiteElo "1546"]
[BlackElo "1853"]
[EventType "swiss"]
[EventRounds "5"]
[EventCountry "CAN"]

1. e4 e5 2. Nf3 Nc6 3. Bc4 Nf6 4. Nc3 Nxe4 5. Nxe4 d5 6. Bxd5 Qxd5 7. Nc3 Qd8
8. h3 Bd6 9. O-O O-O 10. d3 f5 11. Re1 Qf6 12. Nh2 Qg6 13. Qf3 Nd4 14. Qd1 f4
15. Kh1 f3 16. g4 Qf6 17. Be3 Qh4 18. Bxd4 Qxh3 19. Rg1 exd4 {#R} 0-1

[Event "Chess2Inspire jun ch"]
[Site "Richmond"]
[Date "2018.01.28"]
[Round "4.3"]
[White "Yang, Brian"]
[Black "Xu, Andrew"]
[Result "1-0"]
[WhiteElo "1496"]
[BlackElo "1453"]
[EventType "swiss"]
[EventRounds "5"]
[EventCountry "CAN"]

1. e4 e5 2. Nf3 Nc6 3. Bc4 Nf6 4. d3 Be7 5. O-O O-O 6. Re1 d6 7. a4 h6 8. c3
Be6 9. Na3 a6 10. Bd2 Qd7 11. Bxe6 fxe6 12. d4 exd4 13. cxd4 d5 14. exd5 exd5
15. Nc2 Ne4 16. Be3 Rf7 17. b4 Nxb4 18. Ne5 Qf5 19. Nxf7 Qxf7 20. f3 Nf6 21.
Rb1 a5 22. Nxb4 Bxb4 23. Bd2 Bxd2 24. Qxd2 b6 25. Re2 Nh5 26. Rbe1 Qg6 27. Re6
Nf6 28. Qf4 Qd3 29. Re7 Qc3 30. Kh1 c5 31. Qg3 g5 32. Qh3 h5 33. Qe6+ Kh8 34.
Qxf6+ Kg8 35. Qg7# 1-0

[Event "Chess2Inspire jun ch"]
[Site "Richmond"]
[Date "2018.01.28"]
[Round "4.4"]
[White "Madokoro, Aidan"]
[Black "Song, Ethan"]
[Result "1-0"]
[WhiteElo "1374"]
[BlackElo "1409"]
[EventType "swiss"]
[EventRounds "5"]
[EventCountry "CAN"]

1. c4 Nf6 2. Nc3 e6 3. g3 d5 4. cxd5 exd5 5. d4 Be6 6. Bg2 Be7 7. e3 O-O 8.
Nge2 Na6 9. O-O c6 10. Qc2 Nb4 11. Qb3 c5 12. a3 c4 13. Qd1 Nd3 14. b3 Qc8 15.
bxc4 Nxc1 16. Qxc1 Qxc4 17. Qb2 Qc8 18. Rfc1 Qd7 19. Nf4 a6 20. Qb3 Rfd8 21.
Rc2 Rac8 22. Rac1 Bf5 23. Rb2 Be6 24. Qxb7 Qxb7 25. Rxb7 Bxa3 26. Nxe6 Bxc1
27. Nxd8 Rxd8 28. Na2 Bd2 29. Nb4 a5 30. Nxd5 h6 31. Nxf6+ gxf6 32. Rb6 Rc8
33. Rc6 Rb8 34. d5 Bb4 35. Ra6 Kf8 36. Bf1 Ke7 37. Kg2 Rd8 38. e4 Rd6 39. Rxd6
Kxd6 40. Bb5 Kc5 41. Be8 Kd4 42. Kf3 Kc3 43. Kf4 Kb3 44. e5 fxe5+ 45. Kxe5 a4
46. Bxf7 Bc3+ 47. Kd6 a3 48. Kc6 Ba5 49. d6+ Kb2 50. d7 a2 51. Bxa2 Kxa2 52.
Kb7 Kb3 53. Kc8 Kc4 54. d8=Q Bxd8 55. Kxd8 Kd4 56. Ke7 Ke4 57. f4 Kf5 58. Kf7
h5 59. Kg7 Kg4 60. Kg6 h4 61. gxh4 Kxf4 62. h5 Ke5 63. h6 Ke6 64. h7 Ke7 65.
h8=Q Kd7 66. Qe5 Kd8 67. Qg7 Kc8 68. Kf6 Kd8 69. Ke6 Kc8 70. Kd6 Kb8 71. Kc6
Ka8 72. Qb7# 1-0

[Event "Chess2Inspire jun ch"]
[Site "Richmond"]
[Date "2018.01.28"]
[Round "4.5"]
[White "Del Rayo Haro, Alfredo Alexei"]
[Black "Zhang, Andy"]
[Result "0-1"]
[WhiteElo "1802"]
[BlackElo "1328"]
[EventType "swiss"]
[EventRounds "5"]
[EventCountry "CAN"]

1. e4 c5 2. Nf3 d6 3. d4 cxd4 4. Nxd4 Nf6 5. Nc3 a6 6. f3 e6 7. Be3 Be7 8. Qd2
Nc6 9. Bd3 d5 10. Nce2 dxe4 11. fxe4 Nxd4 12. Bxd4 b5 13. h3 Bb7 14. Qe3 h5
15. O-O-O Qa5 16. Kb1 b4 17. c3 Bc6 18. Bb6 Qe5 19. Bd4 Qa5 20. cxb4 Qxb4 21.
Bc3 Qb7 22. Nd4 Bxe4 23. Bxe4 Qxe4+ 24. Qxe4 Nxe4 25. Be1 Rd8 26. Kc2 Bf6 27.
Nc6 Rxd1 28. Kxd1 Bxb2 29. Rf1 Rh6 30. Rf3 Rg6 31. Rd3 Bf6 32. Ra3 Rxg2 33.
Rxa6 Bc3 34. Ra8+ Kd7 35. Nd8 Rg1 36. Nxf7 Rxe1+ 37. Kc2 Bf6 38. a4 Ra1 39. a5
Nf2 40. Kb3 Nxh3 41. a6 Kc7 42. Kc4 Ng5 43. Nd8 Bxd8 44. a7 Bf6 45. Rh8 Rxa7
46. Rxh5 g6 47. Rh6 Kd6 48. Rxg6 Ke5 49. Rh6 Kf5 50. Rh1 Re7 51. Re1 e5 52.
Rf1+ Kg6 53. Re1 e4 54. Kd5 e3 55. Kc4 Nf3 56. Re2 Bg5 57. Kd3 Ng1 58. Re1 e2
59. Rxg1 e1=Q 60. Rxe1 Rxe1 61. Kc2 Kf5 62. Kd3 Rd1+ 63. Ke2 Rd2+ 64. Kf3 Rd3+
65. Ke2 Ke4 66. Kf2 Re3 67. Kg2 Kf4 68. Kf2 Bh4+ 69. Kg2 Kg4 70. Kh2 Re2+ 71.
Kg1 Kf3 72. Kh1 Bg3 73. Kg1 Re1# 0-1

[Event "Chess2Inspire jun ch"]
[Site "Richmond"]
[Date "2018.01.28"]
[Round "5.1"]
[White "James, Rowan"]
[Black "Madokoro, Aidan"]
[Result "1-0"]
[WhiteElo "1853"]
[BlackElo "1374"]
[EventType "swiss"]
[EventRounds "5"]
[EventCountry "CAN"]

1. e4 e6 2. d4 d5 3. Nd2 Nf6 4. e5 Nfd7 5. Bd3 c5 6. c3 Nc6 7. Ne2 Qb6 8. Nf3
Be7 9. O-O f6 10. exf6 Nxf6 11. Nf4 O-O 12. Re1 Nd8 13. Bc2 Bd7 14. Ne5 Bb5
15. a4 Be8 16. Qd3 c4 17. Qh3 Qd6 18. Ng4 g6 19. Nh6+ Kg7 20. Nxe6+ Nxe6 21.
Rxe6 Qc7 22. Qg3 Qd8 23. Rxe7+ Kh8 24. Re2 Nd7 25. Bf4 Rc8 26. Bd6 Rg8 27.
Nxg8 Kxg8 28. Rae1 Bf7 29. Re7 Nf6 30. Rxf7 Kxf7 31. Re7+ Kg8 32. Bxg6 {#r}
1-0

[Event "Chess2Inspire jun ch"]
[Site "Richmond"]
[Date "2018.01.28"]
[Round "5.2"]
[White "Bremner, William"]
[Black "Yang, Brian"]
[Result "1-0"]
[WhiteElo "1733"]
[BlackElo "1496"]
[EventType "swiss"]
[EventRounds "5"]
[EventCountry "CAN"]

1. d4 Nf6 2. c4 g6 3. Nc3 Bg7 4. e4 d6 5. f3 O-O 6. Be3 c5 7. d5 Nbd7 8. Nh3
Ne8 9. Qd2 Qa5 10. Nf2 Nb6 11. Rc1 Na4 12. Nfd1 Bd7 13. Bd3 Nxc3 14. Nxc3 a6
15. O-O Nc7 16. Rfe1 b5 17. b3 b4 18. Nd1 Qb6 19. Bh6 a5 20. Bxg7 Kxg7 21. e5
a4 22. exd6 Qxd6 23. Nf2 f5 24. Qb2+ Kg8 25. Bc2 Qf6 26. Qxf6 exf6 27. Re7
Rad8 28. Nd3 Na6 29. bxa4 Rf7 30. Rce1 Kf8 31. Rxf7+ Kxf7 32. Kf2 Re8 33. Re2
Rxe2+ 34. Kxe2 Ke7 35. Kd2 Kd6 36. Kc1 Bc8 37. Kb2 Nb8 38. a3 bxa3+ 39. Kxa3
Nd7 40. f4 Nb6 41. Bb3 Ba6 42. Nb2 g5 43. g3 Kc7 44. a5 Nc8 45. Nd3 Nd6 46.
Nxc5 Bxc4 47. Bxc4 Nxc4+ 48. Kb4 Nxa5 49. Kxa5 Kd6 50. Kb4 Kxd5 51. Kb5 h5 52.
h4 gxf4 53. gxf4 Kd4 54. Ne6+ Kd5 55. Ng7 Ke4 56. Nxh5 Kf3 57. Kc5 Kg4 58. Kd5
Kxh5 59. Ke6 Kg4 60. h5 Kxf4 61. h6 Kg4 62. h7 f4 63. h8=Q f3 64. Qh2 f5 65.
Ke5 {#r} 1-0

[Event "Chess2Inspire jun ch"]
[Site "Richmond"]
[Date "2018.01.28"]
[Round "5.3"]
[White "Leong, Ryan"]
[Black "Wang, Jerry"]
[Result "1/2-1/2"]
[WhiteElo "1554"]
[BlackElo "1546"]
[EventType "swiss"]
[EventRounds "5"]
[EventCountry "CAN"]

1. d4 d5 2. Bf4 Nf6 3. Nf3 Bf5 4. e3 e6 5. c3 c5 6. Nbd2 Nc6 7. Be2 Bd6 8. Bg3
O-O 9. Ne5 cxd4 10. exd4 Qc7 11. f4 Ne4 12. Nxe4 Bxe4 13. O-O f6 14. Nd3 Na5
15. Nf2 Bg6 16. Bh5 Bxh5 17. Qxh5 Bxf4 18. Bxf4 Qxf4 19. Nh3 Qd6 20. Rae1 Nc4
21. Rf2 e5 22. b3 Nb6 23. dxe5 fxe5 24. Rxe5 Rxf2 25. Nxf2 Rf8 26. Nd3 Qf6 27.
Qe2 Qc6 28. h3 Qxc3 29. Re8 Qf6 30. Rxf8+ Kxf8 31. Nc5 Qd4+ 32. Qf2+ Qxf2+ 33.
Kxf2 Ke7 34. Ke3 Kd6 35. Nxb7+ Ke5 36. Nd8 d4+ 37. Kd3 Kd5 38. Nf7 Nd7 39. b4
Ne5+ 40. Nxe5 Kxe5 41. a4 Kd5 42. h4 h5 43. g3 g6 44. b5 Kc5 45. a5 Kxb5 46.
Kxd4 Kxa5 47. Ke5 Kb4 48. Kf6 a5 49. Kxg6 a4 50. Kxh5 a3 51. g4 a2 52. Kh6
a1=Q 53. Kh7 Qh1 54. h5 Qg2 55. h6 Qxg4 56. Kh8 Qd7 57. h7 Kc5 58. Kg8 Qe6+
59. Kg7 {#d} 1/2-1/2

[Event "Chess2Inspire jun ch"]
[Site "Richmond"]
[Date "2018.01.28"]
[Round "5.4"]
[White "Zhang, Andy"]
[Black "Xu, Andrew"]
[Result "1/2-1/2"]
[WhiteElo "1328"]
[BlackElo "1453"]
[EventType "swiss"]
[EventRounds "5"]
[EventCountry "CAN"]

1. e4 e5 2. Nf3 Nc6 3. Bb5 a6 4. Ba4 Nf6 5. O-O Be7 6. Re1 b5 7. Bb3 O-O 8. c3
d6 9. d3 h6 10. Nbd2 Na5 11. Bc2 c5 12. d4 Nc6 13. Nf1 Re8 14. h3 Bf8 15. Ng3
g6 16. Be3 Qe7 17. Qd2 Kh7 18. a4 Bb7 19. d5 Nb8 20. axb5 axb5 21. Rxa8 Bxa8
22. Ra1 Nbd7 23. Bd3 c4 24. Be2 Nc5 25. Bxc5 dxc5 26. Ra5 Qd7 27. Qc1 Bb7 28.
Qa1 Bd6 29. Nd2 {#d} 1/2-1/2

[Event "Chess2Inspire jun ch"]
[Site "Richmond"]
[Date "2018.01.28"]
[Round "5.5"]
[White "Song, Ethan"]
[Black "Del Rayo Haro, Alfredo Alexei"]
[Result "1-0"]
[WhiteElo "1409"]
[BlackElo "1802"]
[EventType "swiss"]
[EventRounds "5"]
[EventCountry "CAN"]

1. e4 c5 2. Nf3 d6 3. d4 cxd4 4. Nxd4 Nf6 5. Nc3 Nbd7 6. Be3 g6 7. f3 e5 8.
Nb3 Bg7 9. Qxd6 Bf8 10. Qd2 Bb4 11. O-O-O O-O 12. a3 Be7 13. g4 Nb6 14. Qf2
Qc7 15. Nb5 Qb8 16. h4 Be6 17. Nc5 Nc4 18. Nxe6 Nxe3 19. Qxe3 fxe6 20. h5 a6
21. Nc3 Qe8 22. Bc4 Qf7 23. hxg6 Qxg6 24. Bxe6+ Kh8 25. Bf5 Nxg4 26. fxg4 Bg5
27. Bxg6 Bxe3+ 28. Kb1 h6 29. Rd7 {#r} 1-0